00505nam a2200145 a 450000500170000000800410001705000180005810000200007624501040009626000510020030000220025144000470027365000180032065000210033820140412111232.0010522s19uu xx 00 eng d aERbHa11 1992 aAshworth, Julie aHare wants another race. /cwritten by Julie Ashworth and John Clark; illustrated by Richard Adams. aLondon :bLinguaphone Intitute Limited,c1992. a1v. (unp.) ; ill. aLinguaphone Children's English storybook 2 aRace--Fiction aChildren stories